000 00912nam a2200229 i 4500
001 167553
003 ES-MaACL
005 20250907063128.0
008 931025s1895 sp af |||| | spa d
100 1 _aVillaamil, Fernando,
_d1845-1898
_9133732
245 1 0 _aViaje de circunnavegación de la corbeta Nautilus /
_cpor Fernando Villaamil.
260 _aMadrid :
_b[s.n.],
_c1895 (
_fEst. Tipográfico Sucesores de Rivadeneyra)
300 _aXXI, 478 p., [38] h. de lám. :
_bil. ;
_c26 cm.
530 _aDisponible en formato digital.
610 2 4 _aNautilus (Barco)
_9169468
650 4 _aViajes alrededor del mundo-
_yS.XIX.
_9151090
710 2 _aSucesores de Rivadeneyra (Madrid)
_9134822
752 _aEspaña -
_dMadrid
852 _aES-MaACL
_jF-4787
_z- Enc. tela
856 _uhttp://bdh-rd.bne.es/viewer.vm?id=0000048669&page=1
_zBiblioteca Digital Hispánica
999 _c167553
_d167553